000 01184nac a22003017a 4500
001 BR8401197
003 BR-BrBNA
005 20240105115938.0
008 230509b bl.|||m| |||| 00| 0 por d
040 _aBR-BrBNA
_bpor
_cBiblioteca Nacional de Agricultura
072 _aH60
090 _a0336 BR8401197
100 1 _aPedralli, G.
110 1 _aUnidade de Execucao de Pesquisa de Ambito Estadual de Pelotas, RS (Brasil)
_910370
245 1 _aObservacoes sobre a biologia da leiteira (Euphorbia heterophylla L.)no estado do Rio Grande do Sul, Brasil [erva daninha, amendoim-bravo, soja, Glycine max]
246 1 _a[Remarks on leiteira biology (Euphorbia heteropylla L.)in Rio Grande do Sul, Brazil [weed, wild peanut, soybean, Glycine max]]
260 3 _aPelotas, RS (Brasil):
_c1983.
300 _a6 p.
490 _aComunicado Tecnico - Unidade de Execucao de Pesquisa de Ambito Estadual de Pelotas (Brazil)
_vno. 11
_xISSN 0100-3755
500 _a8 ref.
650 _aSOJA
650 _aERVA DANINHA
650 _aAMENDOIM BRAVO
650 _aBIOLOGIA
650 _aRIO GRANDE DO SUL
909 _a202312
_bLúcia Elande
_c55
_dLúcia Elande
942 _2AGRIS
_n0
_cMS
999 _c277195
_d277195